State of Qatar 2009/2010 business directory.
| Format: | Book |
|---|---|
| Published: |
Doha:
Middle East Information & Publications,
2009.
|
| Edition: | 12th ed. |
| Subjects: |
| LEADER | 00452cam a2200145 7i4500 | ||
|---|---|---|---|
| 001 | 0000025528 | ||
| 005 | 20110524090000.0 | ||
| 090 | 0 | 0 | |a QATR 338.7025 |b STA |
| 245 | 0 | 0 | |a State of Qatar 2009/2010 business directory. |
| 250 | 0 | 0 | |a 12th ed. |
| 260 | 0 | 0 | |a Doha: |b Middle East Information & Publications, |c 2009. |
| 300 | # | # | |a 671 p. |
| 650 | 0 | 0 | |a Business -- |x Directories -- |z Qatar |
| 651 | 0 | 0 | |a Qatar |
| 999 | |a 0000028196 |b Directories |c Countries |e Business Information Centre | ||